banner-ar

ميشيل عفلق : الكتابات الاولى مع دراسة جديدة لسيرة حياته / (Record no. 55223)

MARC details
000 -الفاتح
حقل البيانات ثابتة الطول 00798nam a2200229Ia 4500
005 - وقت وتاريخ اخر تعامل مع التسجيلة
رقم الضبط 20240530105343.0
008 - عناصر البيانات ثابتة الطول - معلومات عامة
حقل البيانات ثابتة الطول 140319s9999 xx 000 0 ara d
040 ## - مصدر الفهرسة
وكالة الفهرسة الأصلية GCL /
وكالة النسخ GCL
082 04 - رقم تصنيف ديوى العشرى
رقم التصنيف 320.101
رقم المادة ق م
100 1# - المدخل الرئيسى - إسم شخصى
الإسم الشخصى قرقوط ، ذوقان
245 10 - بيان العنوان
العنوان ميشيل عفلق : الكتابات الاولى مع دراسة جديدة لسيرة حياته /
بيان المسئوليه,etc قرقوط، ذوقان
260 ## - PUBLICATION, DISTRIBUTION, ETC. (IMPRINT)
تاريخ النشر أو التوزيع 1993
300 ## - الوصف المادى
التعداد 254 ص
650 04 - المدخل الاضافى بالموضوع-مصطلح موضوعى
مصطلح موضوعي مصر
650 04 - المدخل الاضافى بالموضوع-مصطلح موضوعى
مصطلح موضوعي سوريا
650 04 - المدخل الاضافى بالموضوع-مصطلح موضوعى
مصطلح موضوعي العراق - حزب البعث العربى الاشتراكى
650 04 - المدخل الاضافى بالموضوع-مصطلح موضوعى
مصطلح موضوعي الوحدة العربية
650 04 - المدخل الاضافى بالموضوع-مصطلح موضوعى
مصطلح موضوعي القومية العربية
650 04 - المدخل الاضافى بالموضوع-مصطلح موضوعى
مصطلح موضوعي ميشيل غفلق
942 ## - عناصر المدخل الإضافي( كوها)
مصدر التصنيف او مخطط الترفيف Dewey Decimal Classification
Koha [default] item type كتاب
260 ## - PUBLICATION, DISTRIBUTION, ETC. (IMPRINT)
-- [S.N] :
-- المؤسسة العربية للدراسات والنشر ،
Holdings
حالة التراجع حالة الفقد حالة تلف ليس للاعارة المكان المؤقت الموقع الحالى تاريخ الاكتساب اجمالي اﻻعارات رقم الطلب الباركود تاريخ اخر مشاهدة تاريخ تفعيل السعر نوع وعاء كوها
        مكتبة القاهرة الكبرى مكتبة القاهرة الكبرى 03/26/2014   320.101\ق م 132671 03/26/2014 03/26/2014 كتاب
        مكتبة القاهرة الكبرى مكتبة القاهرة الكبرى 03/26/2014   320.101\ق م 132672 03/26/2014 03/26/2014 كتاب
        مكتبة القاهرة الكبرى مكتبة القاهرة الكبرى 03/26/2014   320.101\ق م 132673 03/26/2014 03/26/2014 كتاب

Powered By

EGPV